00353nam a2200133Ia 4500008004100000041001200041082001600053100001600069245006000085260003200145300000800177650001500185700001900200221030s9999 xx 000 0 und d aEnglish a105.23bBha aN. D. Bhatt 0aElementary Engineering Drawing (Plane & Solid Geometry) bRupalee Pub.aGujaratc1996 a635 aMechanical aV. M. Panchall